Language Quiz

Random Language or Letter Quiz

Letter Swap II Quiz Stats

Quiz Updated Jun 26, 2012

Also try: Letter Swap
Challenge
Share
Tweet
Embed
Score 0/30 Timer 04:00
2 Plays Today
Original Word New Word % Correct
glansslang
94.8%
sinewwines
90.2%
gammamagma
88.9%
vilerliver
84.5%
lemonmelon
84.2%
phaseshape
83.5%
skatestake
83%
rupeepuree
82%
adobeabode
81.3%
snipespine
79.8%
viralrival
79.5%
racedcared
78.4%
pacercaper
75.5%
ciderdicer
75.3%
cratetrace
75%
Original Word New Word % Correct
loweddowel
71.2%
smileslime
70.3%
causesauce
68.4%
carolcoral
66.3%
fumerfemur
64.4%
mitestimes
63.8%
tongatango
57.1%
caretcater
53.7%
dusterrusted
53.4%
softerfoster
52.5%
routedtoured
51.5%
sourcecourse
51%
cellarcaller
50.4%
sorterroster
46.9%
bolsterlobster
44%

You're not logged in!

Compare scores with friends on all Sporcle quizzes.
Join for Free
OR
Log In

You Might Also Like...

Show Comments

Extras

Top Quizzes Today


Score Distribution

Your Account Isn't Verified!

In order to create a playlist on Sporcle, you need to verify the email address you used during registration. Go to your Sporcle Settings to finish the process.

Report this User

Report this user for behavior that violates our Community Guidelines.

Details: